000 00479nam a2200157 i 4500
001 76133
003 ES-MaACL
005 20230906172728.0
007 t|
008 040929s1970 sp ||||1| spa d
100 1 _aGuerrero, José María.
_960553
245 1 3 _aLa vida religiosa en el hoy de la Iglesia /
_cobra en colaboración dirigida por José Mª Guerrero.
260 _aBilbao :
_bMensajero,
_c1970.
300 _a269 p. ;
_c20 cm.
852 _aES-MaACL
_jC-49046
_bR.74227
999 _c76133
_d76133